Mechanics Of Materials (Record no. 780)

MARC details
000 -LEADER
fixed length control field 00315nam a22001457a 4500
020 ## - INTERNATIONAL STANDARD BOOK NUMBER
International Standard Book Number 9788123908946
041 ## - LANGUAGE CODE
Language code of text/sound track or separate title ENG
100 ## - MAIN ENTRY--PERSONAL NAME
Personal name Gere.J .M
245 ## - TITLE STATEMENT
Title Mechanics Of Materials
260 ## - PUBLICATION, DISTRIBUTION, ETC. (IMPRINT)
Place of publication, distribution, etc Delhi
Name of publisher, distributor, etc CBS Pub & DIstributors
Date of publication, distribution, etc 1986
300 ## - PHYSICAL DESCRIPTION
Extent 762
650 ## - SUBJECT ADDED ENTRY--TOPICAL TERM
Topical term or geographic name as entry element FS
700 ## - ADDED ENTRY--PERSONAL NAME
Personal name Timoshenko .S.P
856 ## - ELECTRONIC LOCATION AND ACCESS
Uniform Resource Identifier FS
Holdings
Withdrawn status Lost status Source of classification or shelving scheme Damaged status Not for loan Home library Current library Shelving location Date acquired Cost, normal purchase price Total Checkouts Barcode Date last seen Price effective from Koha item type
    Dewey Decimal Classification     College of Agricultural Engineering and Technology, Dapoli , Library College of Agricultural Engineering and Technology, Dapoli , Library Book Cart 03/09/2021 185.00   002742 03/09/2021 03/09/2021 Books

Contact Us: College of Agricultural Engineering and Technology, Dapoli, Dist.- Ratnagiri
Website: https://dbskkv.org Email: caetlibrary2015@gmail.com